000 00439nam a2200181Ia 4500
001 13505
005 20260306164806.0
008 260306t1997||||xx |||||||||||||| ||spa||
041 _aESP
082 _a004.6
_bC76
100 _aComer, Douglas E.
_eAUT
245 0 _aRedes de computadoras, internet e interredes
260 _c1997
300 _a506 páginas :
_c23 cm.
650 _aGEN
654 _aCCC
942 _cLIB
_dJUS
_fJUS
_2ddc
_n
999 _c13505
_d13505